Austen Novels by Picture - Statistics

General Stats
  • This quiz has been taken 18 times
  • The average score is 5 of 6
Answer Stats
Picture Answer % Correct
Emma
94%
Persuasion
94%
Pride and Prejudice
89%
Mansfield Park
83%
Sense and Sensibility
83%
Northanger Abbey
72%
No matching quizzes found
Score Distribution
Percent of People with Each Score
Percentile by Number Answered
Your Score History
You have not taken this quiz